Name a Valid U.S. Metro Area - Statistics

General Stats
  • This quiz has been taken 2,067 times
  • The average score is 14 of 15
Answer Stats
Name Any Metro Area... City % Correct
That has coastal land New York, Los Angeles, Houston...
100%
Located in Texas Dallas, Houston, San Antonio...
99%
With a population over 1M New York, Los Angeles, Chicago...
99%
With more than one 250,000+ city New York, Los Angeles, Dallas...
98%
That spans five or more counties New York, Chicago, Washington...
97%
That crosses a state line New York, Chicago, Washington...
96%
That is a Global City New York, Los Angeles, Chicago...
96%
With an elevation over 2,500 feet Denver, Salt Lake City, Albuquerque...
95%
Touching a national border Detroit, San Diego, Buffalo...
95%
Located on the Mississippi River Minneapolis, Saint Louis, Memphis...
95%
With some form of "Saint" in its name San Francisco, San Diego, Saint Louis...
95%
250 miles or less from New York City Washington, Philadelphia, Boston...
95%
Located in the Midwest Chicago, Detroit, Minneapolis...
93%
Starting with an R or T Riverside, Tampa, Rochester...
93%
In the Rocky, Sierra Nevada, or Cascade Mountains Seattle, Denver, Portland...
91%
No matching quizzes found
Score Distribution
Percent of People with Each Score
Percentile by Number Answered
Your Score History
You have not taken this quiz